[Event "HUN-chT2 Toth 2324"]
[Site "Hungary"]
[Date "2023.10.29"]
[Round "2.4"]
[White "Toth, Daniel"]
[Black "Nagy, Jozsef"]
[Result "0-1"]
[WhiteElo "2056"]
[BlackElo "1855"]
[PlyCount "154"]
[EventDate "2023.10.08"]
[EventType "team-tourn"]
[EventRounds "9"]
[EventCountry "HUN"]
[SourceTitle "EXT 2025"]
[Source "ChessBase"]
[SourceDate "2024.10.14"]
[SourceVersion "1"]
[SourceVersionDate "2024.10.14"]
[SourceQuality "1"]
[WhiteTeam "Szeged Maroczy II"]
[BlackTeam "Felegyhaza Csongrad"]
[WhiteTeamCountry "HUN"]
[BlackTeamCountry "HUN"]

1. d4 Nf6 2. c4 e6 3. Nc3 d5 4. Nf3 b6 5. Bg5 Bb7 6. cxd5 exd5 7. e3 Be7 8. Qa4+ Nbd7 9. Ne5 0-0 10. Nc6 Qe8 11. Ba6 Bxa6 12. Nxe7+ Qxe7 13. Qxa6 Qb4 14. Qb5 Qxb5 15. Nxb5 a6 16. Nxc7 Ra7 17. Bf4 Rc8 18. Ke2 Raxc7 19. Bxc7 Rxc7 20. Rac1 Rxc1 21. Rxc1 Kf8 22. Rc6 a5 23. a4 Ke7 24. f3 Ne8 25. e4 dxe4 26. fxe4 Nd6 27. e5 Nb7 28. Ke3 Nd8 29. Rc8 f6 30. exf6+ Nxf6 31. Rc7+ Nd7 32. Kd3 Ne6 33. Rc2 Kd6 34. Rf2 Nf6 35. g3 Ng4 36. Rc2 Kd5 37. h3 Nxd4 38. Rc8 Ne5+ 39. Kc3 Ne2+ 40. Kb3 Nxg3 41. Rb8 Nd7 42. Rd8 Kd6 43. Kc4 Nf5 44. Rh8 h6 45. Kb5 Nd4+ 46. Kc4 Ne6 47. Kb5 Ke7 48. Rc8 Nf4 49. Kc6 Nd3 50. Rg8 N3e5+ 51. Kc7 Kf6 52. Kd6 g6 53. Rc8 Kf5 54. Rc1 h5 55. Kd5 Kf4 56. Re1 Kf3 57. Rg1 Kf4 58. Re1 g5 59. Rf1+ Ke3 60. Rf5 g4 61. Rxh5 g3 62. Rg5 Kf3 63. h4 Ng4 64. Rf5+ Ke2 65. Rg5 g2 66. Kd6 g1Q 67. Kxd7 Qd4+ 68. Kc7 Qxa4 69. Kxb6 Ne3 70. h5 Qf4 71. Rg6 a4 72. Kb5 Kd2 73. Rc6 Nd1 74. h6 Nxb2 75. h7 Qf5+ 76. Kb4 Qxh7 77. Ka3 Qb7 0-1

[Event "HUN-chT2 Toth 2223"]
[Site "Hungary"]
[Date "2023.03.26"]
[Round "10.4"]
[White "Nagy, Jozsef"]
[Black "Oltean, Cristian Daniel"]
[Result "1/2-1/2"]
[WhiteElo "1867"]
[BlackElo "2123"]
[PlyCount "69"]
[EventDate "2022.10.16"]
[EventType "team-tourn"]
[EventRounds "11"]
[EventCountry "HUN"]
[SourceTitle "EXT 2025"]
[Source "ChessBase"]
[SourceDate "2024.10.14"]
[SourceVersion "1"]
[SourceVersionDate "2024.10.14"]
[SourceQuality "1"]
[WhiteTeam "Felegyhaza Csongrad"]
[BlackTeam "Gyula"]
[WhiteTeamCountry "HUN"]
[BlackTeamCountry "HUN"]

1. d4 g6 2. Nf3 Bg7 3. g3 Nf6 4. Bg2 0-0 5. 0-0 d6 6. Nc3 Nbd7 7. Bd2 c6 8. e4 e5 9. dxe5 dxe5 10. Be3 Qe7 11. Nd2 Rd8 12. Qe2 Nf8 13. h3 Ne6 14. Rfc1 b6 15. Qe1 Bb7 16. Nb3 Nd4 17. Ne2 c5 18. f3 Ba6 19. Nbxd4 exd4 20. Bd2 Nd7 21. Nf4 Bb7 22. Qf1 Ne5 23. c4 Qd6 24. Nd5 Bxd5 25. exd5 Nd7 26. f4 f5 27. Qd3 Re8 28. Re1 Nf6 29. Rxe8+ Rxe8 30. Kf1 h5 31. h4 Kf7 32. Re1 Rxe1+ 33. Bxe1 Qe7 34. b3 Ne4 35. Bf3 1/2-1/2

[Event "HUN-chT2 Toth 1617"]
[Site "Hungary"]
[Date "2016.11.27"]
[Round "5.10"]
[White "Nagy, Jozsef"]
[Black "Perdi, Zsombor"]
[Result "0-1"]
[WhiteElo "1880"]
[BlackElo "1761"]
[PlyCount "72"]
[EventDate "2016.09.25"]
[EventType "team-tourn"]
[EventRounds "11"]
[EventCountry "HUN"]
[SourceTitle "EXT 2021"]
[Source "ChessBase"]
[SourceDate "2020.10.23"]
[SourceVersion "1"]
[SourceVersionDate "2020.10.23"]
[SourceQuality "1"]
[WhiteTeam "Felegyhaza Csongrad"]
[BlackTeam "Bekes"]
[WhiteTeamCountry "HUN"]
[BlackTeamCountry "HUN"]

1. c4 g6 2. g3 d6 3. Bg2 Bg7 4. Nc3 e5 5. d3 f5 6. Qb3 c6 7. f4 Nf6 8. Nh3 Qe7 9. 0-0 0-0 10. Qc2 Ng4 11. Nf2 Nxf2 12. Kxf2 exf4 13. Bxf4 g5 14. Bd2 f4 15. Ke1 Be5 16. gxf4 gxf4 17. Kd1 Qg5 18. Bf3 Bh3 19. Rh1 Qg7 20. Qb3 Rf5 21. Kc2 Rg5 22. Ne4 Rg6 23. Bh5 Rg2 24. Bf3 Rg6 25. Bh5 Rg2 26. Nxd6 Nd7 27. Rhg1 Nc5 28. Rxg2 Qxg2 29. Qb4 Bxd6 30. d4 Qe4+ 31. Kc3 a5 32. Qa3 b5 33. b4 axb4+ 34. Qxb4 Na4+ 35. Qxa4 Rxa4 36. Rg1+ Kf8 0-1

[Event "HUN-chT2 Toth 1314"]
[Site "Hungary"]
[Date "2014.03.02"]
[Round "8.7"]
[White "Farkas, Sandor1"]
[Black "Nagy, Jozsef"]
[Result "1-0"]
[WhiteElo "1838"]
[BlackElo "1882"]
[PlyCount "111"]
[EventDate "2013.09.08"]
[EventType "team-tourn"]
[EventRounds "11"]
[EventCountry "HUN"]
[SourceTitle "EXT 2016"]
[Source "ChessBase"]
[SourceDate "2015.10.08"]
[SourceVersion "1"]
[SourceVersionDate "2015.10.08"]
[SourceQuality "1"]
[WhiteTeam "Roszke"]
[BlackTeam "Csongrad Felegyhaza"]
[WhiteTeamCountry "HUN"]
[BlackTeamCountry "HUN"]

1. b4 e5 2. Bb2 d6 3. c4 Nd7 4. Nf3 Ngf6 5. Nc3 b6 6. e3 Bb7 7. Be2 Be7 8. 0-0 0-0 9. d4 exd4 10. Nxd4 Ne5 11. Nf5 Re8 12. Nxe7+ Qxe7 13. Nd5 Nxd5 14. cxd5 c6 15. Qd4 f6 16. dxc6 Bxc6 17. b5 Bb7 18. Ba3 Rad8 19. Rfd1 Nf7 20. Bc4 Qe5 21. Qh4 d5 22. Bd3 g6 23. Rab1 Qe6 24. Bb2 Ne5 25. Bc2 f5 26. Qd4 g5 27. f4 gxf4 28. exf4 Nf3+ 29. gxf3 Qe3+ 30. Qxe3 Rxe3 31. Kf2 d4 32. Rd3 Rde8 33. Rg1+ Kf8 34. Ba3+ Kf7 35. Bb3+ Kf6 36. Rxe3 Rxe3 37. Rg3 Re8 38. Bb2 Rd8 39. Ke2 a6 40. a4 axb5 41. axb5 Bd5 42. Bxd4+ Kf7 43. Bxd5+ Rxd5 44. Bxb6 Rxb5 45. Bg1 Rd5 46. Be3 Rd7 47. Rg1 Rd5 48. Rd1 Ra5 49. Rd7+ Kg6 50. Bb6 Ra2+ 51. Rd2 Ra3 52. Bc7 Rb3 53. Be5 Ra3 54. Rd6+ Kh5 55. Bg7 Ra2+ 56. Kd1 1-0

[Event "HUN-chT2 Toth 1314"]
[Site "Hungary"]
[Date "2013.10.20"]
[Round "3.9"]
[White "Nagy, Jozsef"]
[Black "Kiss, Balazs1"]
[Result "1-0"]
[WhiteElo "1882"]
[BlackElo "2047"]
[PlyCount "131"]
[EventDate "2013.09.08"]
[EventType "team-tourn"]
[EventRounds "11"]
[EventCountry "HUN"]
[SourceTitle "EXT 2016"]
[Source "ChessBase"]
[SourceDate "2015.10.08"]
[SourceVersion "1"]
[SourceVersionDate "2015.10.08"]
[SourceQuality "1"]
[WhiteTeam "Csongrad Felegyhaza"]
[BlackTeam "Oroshaza"]
[WhiteTeamCountry "HUN"]
[BlackTeamCountry "HUN"]

1. d4 Nf6 2. Nf3 e6 3. c4 b6 4. Nc3 Bb7 5. e3 Ne4 6. Nxe4 Bxe4 7. Be2 Be7 8. 0-0 f5 9. b3 0-0 10. Bb2 d6 11. Nd2 Bb7 12. Bf3 c6 13. Qc2 g5 14. g3 Nd7 15. Rad1 Qe8 16. b4 g4 17. Bg2 d5 18. c5 Qh5 19. f4 Kg7 20. Kf2 Qg6 21. Rh1 h5 22. h4 gxh3 23. Rxh3 Nf6 24. Bf3 Rh8 25. Rdh1 Kf7 26. a4 bxc5 27. dxc5 h4 28. Bxf6 Bxf6 29. gxh4 Rag8 30. h5 Qh6 31. b5 Qf8 32. Nb3 Qd8 33. Qd1 a6 34. b6 Ke7 35. Nd4 Kd7 36. Qc2 Ke7 37. a5 Qd7 38. Rd1 Kf7 39. Rdh1 Qe7 40. R3h2 Kg7 41. Rg2+ Kh6 42. Rhg1 Rxg2+ 43. Rxg2 Rf8 44. Kf1 Kh7 45. Rg6 Rf7 46. Rg1 Rg7 47. Rxg7+ Bxg7 48. Qg2 Bxd4 49. exd4 Qf6 50. Qg1 Qg7 51. Qf2 Qf6 52. Ke2 Kh6 53. Qg1 Qg7 54. Kf2 Qf6 55. Ke3 Qg7 56. Qh2 Qf6 57. Qg3 Qg7 58. Qg5+ Qxg5 59. fxg5+ Kxg5 60. Be2 Bc8 61. h6 Kxh6 62. Kf4 Kg6 63. Ke5 f4 64. Kd6 Kf5 65. Kc7 e5 66. dxe5 1-0